|
|
|
|
| LEADER |
00693nam a22001571a 4500 |
| 082 |
|
|
|a M 954.830 092
|b KUM/R
|
| 100 |
|
|
|a Kumaran M K
|9 104281
|
| 245 |
|
|
|a R Sankar/
|c by Kumaran M K
|
| 260 |
|
|
|a Thiruvananthapuram:
|b Department of Cultural Publications,
|c 1987.
|
| 300 |
|
|
|a 565p.
|
| 650 |
|
|
|a Biography R Sankar
|9 104282
|
| 650 |
|
|
|a Biography
|9 104283
|
| 942 |
|
|
|c BK
|
| 999 |
|
|
|c 36818
|d 36818
|
| 952 |
|
|
|0 0
|1 0
|4 0
|6 M_954_830000000000000_092_KUM_R
|7 0
|9 53225
|a SSUS
|b SSUS
|d 2015-01-08
|g 50.00
|o M 954.830 092 KUM/R
|p 001249
|r 2015-01-08
|v 0.00
|w 2015-01-08
|y BK
|
| 952 |
|
|
|0 0
|1 0
|4 0
|6 M_954_830000000000000_092_KUM_R
|7 0
|9 53226
|a SSUS
|b SSUS
|d 2015-01-08
|g 50.00
|o M 954.830 092 KUM/R
|p 001344
|r 2016-07-25
|v 0.00
|w 2015-01-08
|y BK
|